000 00385nam a2200145Ia 4500
008 230917s9999||||xx |||||||||||||| ||und||
040 _e296
_aMAIN
041 _aEnglish
082 _a668.49 P36S:S
100 _aSweeting, Orville J. ed.
245 0 _aScience and technology of polymer films
260 _aNew York
_bWiley-Interscience
_c1971
300 _axii, 754 p.
942 _cBK
999 _c205208
_d205208